ARRUPE JESUIT UNIVERSITY

CORONAVIRUS -STOP THE SPREAD - CLEAN,DISINFECT,COVER

Bertie and Alix; (Record no. 130295)

MARC details
000 -LEADER
fixed length control field 01236cam a2200337 4500
001 - CONTROL NUMBER
control field 1265654
003 - CONTROL NUMBER IDENTIFIER
control field ARRUPE
005 - DATE AND TIME OF LATEST TRANSACTION
control field 20200204122252.0
008 - FIXED-LENGTH DATA ELEMENTS--GENERAL INFORMATION
fixed length control field 740723s1974 enka b 001 0ceng
010 ## - LIBRARY OF CONGRESS CONTROL NUMBER
LC control number 74171294
015 ## - NATIONAL BIBLIOGRAPHY NUMBER
National bibliography number GB***
020 ## - INTERNATIONAL STANDARD BOOK NUMBER
International Standard Book Number 0709144776
040 ## - CATALOGING SOURCE
Original cataloging agency DLC
Transcribing agency DLC
Modifying agency DLC
050 00 - LIBRARY OF CONGRESS CALL NUMBER
Classification number DA567
Item number .F57 1974
082 00 - DEWEY DECIMAL CLASSIFICATION NUMBER
Classification number 941.082/3/0924
-- B
300 ## - PHYSICAL DESCRIPTION
Other physical details illus.
Dimensions 22 cm.
100 1# - MAIN ENTRY--PERSONAL NAME
Personal name Fisher, Graham,
Dates associated with a name 1920-
9 (RLIN) 49350
245 10 - TITLE STATEMENT
Title Bertie and Alix;
Remainder of title anatomy of a royal marriage
Statement of responsibility, etc [by] Graham and Heather Fisher.
260 ## - PUBLICATION, DISTRIBUTION, ETC. (IMPRINT)
Place of publication, distribution, etc London,
Name of publisher, distributor, etc R. Hale
Date of publication, distribution, etc [1974]
300 ## - PHYSICAL DESCRIPTION
Extent 192 p.
350 ## - PRICE (NR) (BK AM CF MU VM SE) [OBSOLETE]
Price £2.80
504 ## - BIBLIOGRAPHY, ETC. NOTE
Bibliography, etc Bibliography: p. [183]-185.
600 00 - SUBJECT ADDED ENTRY--PERSONAL NAME
Personal name Edward
Numeration VII,
Titles and other words associated with a name King of Great Britain,
Dates associated with a name 1841-1910
General subdivision Marriage.
9 (RLIN) 49351
600 00 - SUBJECT ADDED ENTRY--PERSONAL NAME
Personal name Alexandra,
Titles and other words associated with a name Queen, consort of Edward VII, King of Great Britain,
Dates associated with a name 1844-1925
General subdivision Marriage.
9 (RLIN) 49352
650 #0 - SUBJECT ADDED ENTRY--TOPICAL TERM
Topical term or geographic name as entry element Marriages of royalty and nobility
Geographic subdivision Great Britain.
9 (RLIN) 49353
650 #0 - SUBJECT ADDED ENTRY--TOPICAL TERM
Topical term or geographic name as entry element Married people
Geographic subdivision Great Britain
General subdivision Biography.
9 (RLIN) 49126
650 #0 - SUBJECT ADDED ENTRY--TOPICAL TERM
Topical term or geographic name as entry element Queens
Geographic subdivision Great Britain
General subdivision Biography.
9 (RLIN) 6214
651 #0 - SUBJECT ADDED ENTRY--GEOGRAPHIC NAME
Geographic name Great Britain
General subdivision Kings and rulers
-- Biography.
9 (RLIN) 6218
700 1# - ADDED ENTRY--PERSONAL NAME
Personal name Fisher, Heather,
Relator term joint author.
9 (RLIN) 49354
906 ## - LOCAL DATA ELEMENT F, LDF (RLIN)
a 7
b cbc
c orignew
d 3
e ncip
f 19
g y-gencatlg
942 ## - ADDED ENTRY ELEMENTS (KOHA)
Source of classification or shelving scheme Library of Congress Classification
Koha item type Monograph ( Printed materials)
Holdings
Withdrawn status Lost status Source of classification or shelving scheme Damaged status Not for loan Collection code Home library Current library Shelving location Date acquired Total Checkouts Full call number Barcode Date last seen Price effective from Koha item type
    Library of Congress Classification     Main Collection ARRUPE LIBRARY ARRUPE LIBRARY Main Collection 04/02/2020   DA567 .F57 1974 46600006543 04/02/2020 04/02/2020 Monograph ( Printed materials)

 

Arrupe Library. PO Box MP320 Mt Pleasant, Harare, Zimbabwe
263 242 745411|librarian@aju.ac.zw